000 00238nam a2200121Ia 4500
100 _a#N/A
942 _cBK
245 _aTHE X team - JavaEE P ROJECT Using EJB 3
260 _b#N/A
082 _b21549
546 _aENGLISH
999 _c18862
_d18862